000 00848nam a22002177a 4500
999 _c18043
_d18043
005 20251125232902.0
008 s2541 th tha d
040 _aNALT
041 _atha
100 0 _aชาญชัย แสวงศักดิ์
245 1 0 _aนิติบุคคลตามกฎหมายมหาชน
260 3 _aกรุงเทพฯ :
_bวิญญูชน,
_c2541
300 _a215 หน้า ;
_b 26 ซม.
650 0 4 _aกฎหมายแพ่งและพาณิชย์ -- นิติบุคคล
650 0 4 _aนิติบุคคล
850 _aNALT
856 4 0 _uhttps://hdl.handle.net/20.500.14156/302434
_71
942 _cLB
_2lcc
_02
998 _j111
_k นางสาวพจพิณ พรมเอี่ยม
090 _aKS34.2 ช486น 2541